Loser / (Record no. 3796)
[ view plain ]
| 000 -LEADER | |
|---|---|
| fixed length control field | 00793nam a22002417a 4500 |
| 001 - CONTROL NUMBER | |
| control field | 3796 |
| 003 - CONTROL NUMBER IDENTIFIER | |
| control field | FISKH |
| 005 - DATE AND TIME OF LATEST TRANSACTION | |
| control field | 20260427140927.0 |
| 008 - FIXED-LENGTH DATA ELEMENTS--GENERAL INFORMATION | |
| fixed length control field | 240508b cb ||||| |||| 00| 0 eng d |
| 040 ## - CATALOGING SOURCE | |
| Original cataloging agency | FISK |
| Language of cataloging | eng |
| Transcribing agency | FISK |
| Modifying agency | FISK |
| 050 ## - LIBRARY OF CONGRESS CALL NUMBER | |
| Classification number | PZ7.S75663 |
| 082 ## - DEWEY DECIMAL CLASSIFICATION NUMBER | |
| Classification number | 813.54 |
| 100 ## - MAIN ENTRY--PERSONAL NAME | |
| Personal name | Jerry Spinelli |
| Dates associated with a name | 1941- |
| 245 ## - TITLE STATEMENT | |
| Title | Loser / |
| Statement of responsibility, etc. | Jerry Spinelli |
| 260 ## - PUBLICATION, DISTRIBUTION, ETC. | |
| Place of publication, distribution, etc. | New York : |
| Name of publisher, distributor, etc. | Scholastic, |
| Date of publication, distribution, etc. | 2003 |
| 300 ## - PHYSICAL DESCRIPTION | |
| Extent | 218 pages : |
| Dimensions | 20 cm |
| 505 ## - FORMATTED CONTENTS NOTE | |
| Formatted contents note | M |
| 520 ## - SUMMARY, ETC. | |
| Summary, etc. | Even though his classmates from first grade on have considered him strange and a loser, Daniel Zinkoff's optimism and exuberance and the support of his loving family do not allow him to feel that way about himself. |
| 521 8# - TARGET AUDIENCE NOTE | |
| Target audience note | 710 |
| Source | Lexiles |
| 700 ## - ADDED ENTRY--PERSONAL NAME | |
| Personal name | Jerry Spinelli |
| 942 ## - ADDED ENTRY ELEMENTS (KOHA) | |
| Source of classification or shelving scheme | Dewey Decimal Classification |
| Koha item type | Books |
| Suppress in OPAC | No |
| Withdrawn status | Lost status | Source of classification or shelving scheme | Damaged status | Not for loan | Collection | Home library | Current library | Shelving location | Date acquired | Total Checkouts | Barcode | Date last seen | Date last checked out | Copy number | Price effective from | Koha item type | Full call number |
|---|---|---|---|---|---|---|---|---|---|---|---|---|---|---|---|---|---|
| Dewey Decimal Classification | Fiction | Footprints International School Library Network Toul Kork Campus | Footprints International School Library Network Toul Kork Campus | TTP Primary Orange Bookshelves | 02/07/2025 | 2025-0442 | 02/07/2025 | 2 | 02/07/2025 | Books | SPI 813.54 PZ7.S75663 L | ||||||
| Dewey Decimal Classification | Fiction | Footprints International School Library Network Toul Tom Poung Campus | Footprints International School Library Network Toul Tom Poung Campus | TTP Primary Orange Bookshelves | 05/08/2024 | 1 | 2024-0588 | 04/27/2026 | 04/20/2026 | 1 | 05/08/2024 | Books |
